000 00579nam a2200205 a 4500
001 000033160
003 OSt
005 20240412074257.0
008 110818s1928 dr 000 0 spa d
040 _aDO-SdBNP
_bspa
_cBNPHU
049 _aBNPD
082 _aRD863.44
_bC787b
100 1 _aCoradin E., Victor M.
_958808
245 1 3 _aEl baile azul :
_bnovela.
260 _aLa Romana, República Dominicana :
_bImprenta La Romana,
_c1928.
300 _a105 p. ;
_c18 cm.
650 0 _x
_aRepública Dominicana
_99306
650 0 _aLiteratura dominicana.
_967
942 _2ddc
_cLBS1
999 _c32651
_d32651